Statistics for Top 15 Countries with Covid-19 Cases - 14 July

Click here to take the quiz!

General Stats

  • This quiz has been taken 31 times
  • The average score is 16 of 25

Answer Stats

country% Correct
United Kingdom
100%
India
97%
United States
97%
Brazil
93%
Russia
93%
Italy
90%
Mexico
90%
Spain
83%
Pakistan
77%
Chile
73%
Chile
73%
Peru
70%
Iran
67%
Turkey
67%
Saudi Arabia
63%
Qatar
53%
South Africa
53%
Kuwait
47%
Oman
47%
Sweden
47%
Singapore
40%
Bahrain
37%
Belarus
30%
Panama
27%
Armenia
23%

Score Distribution

Percentile by Number Answered

Percent of People with Each Score

Your Score History

You have not taken this quiz